La subrogación legal en la ley de arrendamientos urbanos (Registro nro. 159307)
[ vista simple ]
| 000 -LEADER | |
|---|---|
| fixed length control field | 01366ny a22003373n 4500 |
| 008 - FIXED-LENGTH DATA ELEMENTS--GENERAL INFORMATION | |
| fixed length control field | 060525s2001 sp s 001 0 spadc |
| 017 ## - | |
| -- | D.L. M.52636-2001 |
| 020 ## - INTERNATIONAL STANDARD BOOK NUMBER | |
| International Standard Book Number | 8471114119 |
| 035 ## - | |
| -- | 1723 |
| 040 ## - CATALOGING SOURCE | |
| Original cataloging agency | UMA.DER |
| Modifying agency | vLex |
| 040 ## - CATALOGING SOURCE | |
| Original cataloging agency | UMA.RE |
| Modifying agency | vLex |
| 080 ## - | |
| -- | 347.415/416(460) |
| 080 ## - | |
| -- | 347.453.1(460) |
| 090 ## - | |
| -- | 791 |
| -- | 791 |
| 100 1# - MAIN ENTRY--PERSONAL NAME | |
| Personal name | Díaz Vales, Fernando |
| 245 13 - TITLE STATEMENT | |
| Title | La subrogación legal en la ley de arrendamientos urbanos |
| Medium | [Recurso electrónico] |
| Statement of responsibility, etc | Fernando Díaz Vales ; prólogo por Juan Casarso Palau |
| 256 ## - | |
| -- | Servicio en línea |
| 260 ## - PUBLICATION, DISTRIBUTION, ETC. (IMPRINT) | |
| Place of publication, distribution, etc | Madrid : |
| Name of publisher, distributor, etc | Montecorvo, |
| Date of publication, distribution, etc | 2001 |
| 300 ## - PHYSICAL DESCRIPTION | |
| Extent | 341 p. ; |
| Dimensions | 23 cm |
| 506 1# - RESTRICTIONS ON ACCESS NOTE | |
| Terms governing access | Contenido solo disponible en los productos indicados |
| Authorized users | vLex Global |
| -- | vLex Global (Academic Edition, excluding Law Schools) |
| -- | vLex Global (U.S. Academic Edition, Law Schools) |
| -- | vLex Global (U.S. Academic Edition, excluding Law Schools) |
| -- | vLex Global (Academic Edition, Law Schools) |
| 650 07 - SUBJECT ADDED ENTRY--TOPICAL TERM | |
| Topical term or geographic name as entry element | Civil |
| Source of heading or term | Tesauro vLex |
| 650 07 - SUBJECT ADDED ENTRY--TOPICAL TERM | |
| Topical term or geographic name as entry element | Contrato de arrendamiento |
| Source of heading or term | Tesauro vLex |
| 650 07 - SUBJECT ADDED ENTRY--TOPICAL TERM | |
| Topical term or geographic name as entry element | Subrogación legal |
| Source of heading or term | Tesauro vLex |
| 650 07 - SUBJECT ADDED ENTRY--TOPICAL TERM | |
| Topical term or geographic name as entry element | Arrendamientos urbanos |
| Source of heading or term | Tesauro vLex |
| 650 07 - SUBJECT ADDED ENTRY--TOPICAL TERM | |
| Topical term or geographic name as entry element | Arrendamientos |
| Source of heading or term | Tesauro vLex |
| 700 1# - ADDED ENTRY--PERSONAL NAME | |
| Personal name | Cardaso Palau, Juan, |
| Relator term | pr |
| 740 0# - | |
| -- | vLex Libros (Servicios en línea) |
| 856 40 - LOCALIZACIÓN Y ACCESO ELECTRÓNICO | |
| Identificador Uniforme del Recurso (URI/URL) | https://app.vlex.com/#/sources/1723 |
| 942 ## - | |
| -- | RAA |
| 999 ## - | |
| -- | 159307 |
| -- | 159307 |
No hay ítems disponibles.